• 首页
  • 本馆介绍
  • 公告通知
  • 最新文献
  • 馆藏检索
  • 电子资源
  • 读者导购
  • 参考咨询
  • 我的图书馆
  • 登录
  • 详细信息显示
  • 放入我的书架
  • 预约/预借图书
  • 作者相关作品
  • 分类相关作品
  • 丛书相关作品
  • 出版社相关作品

书目信息

  • 表格格式
  • 工作单格式
  • 卡片格式
题名:
商用心理学
    
 
作者: 宿文渊 编著
分册:  
出版信息: 北京   中国华侨出版社  2017
页数: 302页
开本: 25cm
丛书名:
单 册:
中图分类: F713.55-49
科图分类:
主题词: 商业心理学--通俗读物
电子资源:
ISBN: 978-7-5113-6795-2
000 00941nam0 2200253 450
001 5709
005 20180529215856.51
010    @a978-7-5113-6795-2@b精装@dCNY38.00
100    @a20170905d2017 em y0chiy50 ea
101 0  @achi
102    @aCN@b110000
105    @aa z 000yy
200 1  @a商用心理学@9shang yong xin li xue@e全新升级版@f宿文渊编著
210    @a北京@c中国华侨出版社@d2017
215    @a302页@c彩图@d25cm
300    @a超值全彩白金版
312    @a封面英文题名:Commercial psychology
330    @a本书是一本商用心理学的智慧宝典,通过对消费者心理学、推销心理学、营销心理学、谈判心理学、公关心理学、广告心理学、创业经营心理学、决策心理学、投资心理学和商用心理密码等十个方面的内容进行深入阐释,生动而全面。
510 1  @aCommercial psychology@zeng
606 0  @a商业心理学@j通俗读物
690    @aF713.55-49@v5
701  0 @a宿文渊@9su wen yuan@4编著
801  0 @aCN@b91MARC@c20170905
905    @aMuseLib@dF713.55-49@e1008
    
    商用心理学:全新升级版/宿文渊编著.-北京:中国华侨出版社,2017
    302页:彩图;25cm
    超值全彩白金版
    
    ISBN 978-7-5113-6795-2(精装):CNY38.00
    本书是一本商用心理学的智慧宝典,通过对消费者心理学、推销心理学、营销心理学、谈判心理学、公关心理学、广告心理学、创业经营心理学、决策心理学、投资心理学和商用心理密码等十个方面的内容进行深入阐释,生动而全面。
●
相关链接 在E读中查询图书 在五车中查询图书 在当当中查询图书 在豆瓣中查询图书


正题名:商用心理学     索取号:F713.55-49/1008         预约/预借

序号 登录号 条形码 馆藏地/架位号 状态 备注
1 1114492   211144929   第一样本阅览室/ [索取号:F713.55-49/1008] 在馆    
2 1114493   211144938   教育系资料室/ [索取号:F713.55-49/1008] 在馆    
3 1114494   211144947   教育系资料室/ [索取号:F713.55-49/1008] 在馆    
4 1114495   211144956   教育系资料室/ [索取号:F713.55-49/1008] 在馆    
5 1114496   211144965   第一借阅区/ [索取号:F713.55-49/1008] 在馆    
6 1114497   211144974   第一借阅区/ [索取号:F713.55-49/1008] 在馆    
欢迎您!
大连网信软件有限公司© 版权所有